| 000 | 00441nab a2200145Ia 4500 | ||
|---|---|---|---|
| 003 | ES-SlBCS | ||
| 005 | 20210601134052.0 | ||
| 008 | 140529s1987 xxu||||| |||| 00| 0 por d | ||
| 041 | _apor | ||
| 100 | 1 |
_aRauch, Norberto Francisco _9213097 |
|
| 245 | 0 | 0 |
_aUma iniciativa pioneira de PUCRS _c Norberto Francisco Rauch |
| 650 | 0 | 4 |
_aUniversidad-Brasil _9208978 |
| 773 | 0 |
_tVeritas _gvol. 32, nº. 128, 1987, págs. 553-560 _wRev488 |
|
| 942 | _cAR | ||
| 999 |
_c606582 _d606582 |
||